[Event "NED-ch op U18"]
[Site "Enschede"]
[Date "2010.08.14"]
[Round "9"]
[White "Van Osch, Mees"]
[Black "Komen, Jan Pjotr"]
[Result "1-0"]
[WhiteElo "1876"]
[BlackElo "1708"]
[PlyCount "39"]
[EventDate "2010.08.09"]
[EventType "swiss"]
[EventRounds "9"]
[EventCountry "NED"]
[SourceTitle "CBM 137 Extra"]
[Source "ChessBase"]
[SourceDate "2010.09.01"]
[SourceVersion "1"]
[SourceVersionDate "2010.09.01"]
[SourceQuality "1"]

1. e4 d6 2. f4 e5 3. d3 Nc6 4. Nf3 Bg4 5. h3 Bxf3 6. Qxf3 Nd4 7. Qf2 Be7 8. g3 Nf6 9. c3 Nc6 10. Bg2 Qd7 11. 0-0 h6 12. Be3 Rg8 13. d4 g5 14. fxe5 dxe5 15. Nd2 exd4 16. cxd4 0-0-0 17. Nc4 a6 18. d5 Nb8 19. Rac1 Qe8 20. Nb6# 1-0

[Event "Enschede op-A U18"]
[Site "Enschede"]
[Date "2009.08.05"]
[Round "6"]
[White "Komen, Jan Pjotr"]
[Black "Vereggen, Lars"]
[Result "0-1"]
[WhiteElo "1543"]
[BlackElo "1872"]
[PlyCount "82"]
[EventDate "2009.08.03"]
[EventType "swiss"]
[EventRounds "9"]
[EventCountry "NED"]
[SourceTitle "CBM 132 Extra"]
[Source "ChessBase"]
[SourceDate "2009.11.03"]
[SourceVersion "1"]
[SourceVersionDate "2009.11.03"]
[SourceQuality "1"]

1. d4 Nf6 2. c4 c5 3. d5 b5 4. cxb5 a6 5. bxa6 Bxa6 6. Nc3 d6 7. Nf3 g6 8. g3 Bg7 9. Bg2 0-0 10. 0-0 Nbd7 11. Re1 Qb6 12. e4 Ng4 13. Qc2 Nge5 14. Nxe5 Nxe5 15. Rd1 Rfb8 16. Na4 Qa7 17. Nc3 c4 18. Be3 Qb7 19. Na4 Qb5 20. Rab1 Nd3 21. Nc3 Qd7 22. Bf1 h5 23. Bxd3 cxd3 24. Qd2 Rb4 25. f3 Rc8 26. Rbc1 Qh3 27. Qf2 Qd7 28. a3 Rb3 29. Bd4 Rcb8 30. Bxg7 Kxg7 31. Rd2 Qb7 32. Rb1 Kh7 33. Na2 Rxa3 34. Nc1 Qb5 35. Qe3 Qc5 36. Qxc5 dxc5 37. Kf2 c4 38. e5 Ra4 39. d6 exd6 40. exd6 Kg7 41. Rd1 c3 0-1

[Event "Twente Young Master op-B"]
[Site "Twente"]
[Date "2007.08.10"]
[Round "8"]
[White "Komen, Jan Pjotr"]
[Black "Rieksen, Koen"]
[Result "1/2-1/2"]
[WhiteElo "1546"]
[BlackElo "1590"]
[PlyCount "72"]
[EventDate "2007.08.06"]
[EventType "swiss"]
[EventRounds "9"]
[EventCountry "NED"]
[SourceTitle "EXT 2008"]
[Source "ChessBase"]
[SourceDate "2007.11.25"]
[SourceVersion "1"]
[SourceVersionDate "2007.11.25"]
[SourceQuality "1"]

1. d4 Nf6 2. c4 g6 3. Nc3 d6 4. e4 Bg7 5. f4 c6 6. Nf3 Bg4 7. Be2 0-0 8. 0-0 Nfd7 9. Be3 e6 10. h3 Bxf3 11. Rxf3 f5 12. e5 dxe5 13. dxe5 Nb6 14. Bc5 Qxd1+ 15. Rxd1 Re8 16. Rfd3 Na6 17. Bxb6 axb6 18. a3 Nc5 19. R3d2 Nb3 20. Rd7 Nc5 21. R7d2 Bf8 22. b4 Ne4 23. Rd3 Nxc3 24. Rxc3 Be7 25. Rd7 Rab8 26. Rcd3 Kf8 27. g4 Red8 28. Rxd8+ Rxd8 29. Rxd8+ Bxd8 30. Kg2 Bh4 31. Kf3 Be1 32. Ke3 Ke7 33. b5 Kd7 34. a4 Bc3 35. Kf3 h6 36. h4 Bb2 1/2-1/2